[Event "Druzynowe Mistrzostwa Polski Kobiet w Szachach Blyskawicznych"]
[Site "Piotrkow Trybunalski"]
[Date "1899-12-30"]
[Round "5.1"]
[White "Majdan, Joanna"]
[Black "Smarsz, Agata"]
[Result "1-0"]
[WhiteTitle "WGM"]
[BlackTitle "m"]
[WhiteElo "2321"]
[BlackElo "2094"]

1. e4 c5 2. Nf3 d6 3. d4 cxd4 4. Qxd4 Nc6 5. Bb5 Bd7 6. Bxc6 Bxc6 7. Nc3 e5 8.
Qe3 Nf6 9. h3 Be7 10. O-O O-O 11. a4 a6 12. a5 Rc8 13. b3 Qc7 14. Rd1 Rfd8 15.
Bb2 Bf8 16. Rd2 Nh5 17. Nd5 Bxd5 18. exd5 f5 19. c4 Nf6 20. Ng5 Re8 21. Ne6 Qf7
22. f4 Ne4 23. Re2 Rxe6 24. dxe6 Qxe6 25. Rd1 g6 26. Qd3 Rc5 27. fxe5 dxe5 28.
Qd8 Rc8 29. Qd5 Qxd5 30. Rxd5 Ng3 31. Rexe5 Bg7 32. Rd7 Bxe5 33. Bxe5 Ne4 34.
Rxb7 Rd8 35. Rg7+ Kf8 36. Rxh7 Rd1+ 37. Kh2 Nf2 38. c5 Rc1 39. Bd6+ Kg8 40. Ra7
g5 41. Rxa6 f4 42. g4 Rh1+ 43. Kg2 Rxh3 44. Kxf2 Rh2+ 45. Kf3 Rh3+ 46. Ke4 Re3+
47. Kf5 f3 48. Kxg5 f2 49. Ra8+ Kf7 50. Rf8+ Ke6 51. Rxf2 1-0

[Event "Druzynowe Mistrzostwa Polski Kobiet w Szachach Blyskawicznych"]
[Site "Piotrkow Trybunalski"]
[Date "1899-12-30"]
[Round "5.2"]
[White "Mikulewicz, Joanna"]
[Black "Przezdziecka, Ewa"]
[Result "1/2-1/2"]
[WhiteTitle "WFM"]
[BlackTitle "WFM"]
[WhiteElo "1964"]
[BlackElo "2047"]

1. e4 c5 2. Nf3 Nc6 3. d4 cxd4 4. Nxd4 Nf6 5. Nc3 d6 6. Be3 Ng4 7. Bg5 h6 8. Bh4
g5 9. Bg3 Nge5 10. Qd2 Nxd4 11. Qxd4 Bg7 12. Qd2 Be6 13. Bb5+ Bd7 14. Be2 Qa5
15. Nd5 Qxd2+ 16. Kxd2 Rc8 17. c3 e6 18. Ne3 Ke7 19. h4 a6 20. Rac1 Bc6 21. f3
Ng6 22. hxg5 hxg5 23. Nc2 Nf4 24. Bxf4 gxf4 25. Nd4 Bd7 26. Rxh8 Rxh8 27. Bf1
Rh2 28. c4 e5 29. Ne2 f5 30. exf5 Bxf5 31. c5 d5 32. c6 bxc6 33. Rxc6 e4 34. Nxf4
Bh6 35. Ke3 d4+ 36. Kxd4 Bxf4 37. fxe4 Bd7 38. Rxa6 Rh1 39. Bc4 Rg1 40. Ra7 Kd6
41. Ra6+ Ke7 42. Ra7 Kd6 43. Ra6+ Ke7 44. Ra7 1/2-1/2

[Event "Druzynowe Mistrzostwa Polski Kobiet w Szachach Blyskawicznych"]
[Site "Piotrkow Trybunalski"]
[Date "1899-12-30"]
[Round "5.3"]
[White "Korosciel, Aneta"]
[Black "Leks, Hanna"]
[Result "0-1"]
[WhiteTitle "m"]
[BlackTitle "WIM"]
[WhiteElo "1944"]
[BlackElo "2189"]

1. e4 c5 2. Nf3 d6 3. Bb5+ Bd7 4. Bxd7+ Qxd7 5. c4 e5 6. Nc3 Nc6 7. O-O g6 8. Re1
Bg7 9. d3 Nge7 10. Be3 O-O 11. a3 h6 12. Rb1 a5 13. Qc1 Kh7 14. Nd5 Nxd5 15. cxd5
Nd4 16. Bxd4 cxd4 17. Qd2 a4 18. Rbc1 f5 19. Rc4 fxe4 20. dxe4 Qg4 21. h3 Qd7
22. Rec1 Rf7 23. Qb4 Bf8 24. Qb6 Ra6 25. Qb4 Kg8 26. Rc8 g5 27. Qc4 b5 28. Qc2
Rf4 29. Rc7 Qe8 30. Rc8 Qg6 31. Re1 Ra7 32. Rd8 Raf7 33. Qc8 d3 34. Qe6 R4f6 35.
Qc8 d2 36. Nxd2 Rxf2 37. Nf3 Rxb2 38. Qe6 Qxe6 39. dxe6 Re7 40. Rd1 Rxe6 41. Kf1
Rb3 42. Rc1 Rxa3 43. Rcc8 Rf6 44. Ke2 b4 45. Rb8 b3 46. Nd2 Ra2 47. Kd1 Rf2 48.
Ke1 Raxd2 49. Rxf8+ Rxf8 50. Rxf8+ Kxf8 51. Kxd2 a3 52. Kc3 b2 53. Kc2 Ke7 54.
g4 Ke6 55. Kb1 d5 56. exd5+ Kxd5 0-1

[Event "Druzynowe Mistrzostwa Polski Kobiet w Szachach Blyskawicznych"]
[Site "Piotrkow Trybunalski"]
[Date "1899-12-30"]
[Round "5.4"]
[White "Szczepanik, Magdalena"]
[Black "Szczepkowska, Karina"]
[Result "0-1"]
[WhiteTitle "II"]
[BlackTitle "IM"]
[WhiteElo "1030"]
[BlackElo "2314"]

1. e4 e5 2. Nf3 Nc6 3. Bb5 a6 4. Ba4 Nf6 5. d3 b5 6. Bb3 Be7 7. Nc3 O-O 8. Be3
d6 9. Qd2 Na5 10. O-O-O c5 11. a3 b4 12. axb4 cxb4 13. Nd5 Nxb3+ 14. cxb3 Nxd5
15. exd5 Qa5 16. Ne1 Bg4 17. f3 Qa1+ 18. Kc2 Rac8+ 19. Qc3 Rxc3+ 20. bxc3 Qxc3+
21. Kb1 Qxb3+ 22. Kc1 Rc8+ 23. Kd2 Qb2+ 24. Nc2 Rxc2+ 25. Ke1 Rxg2 26. fxg4 Qe2#
27. Ra1 0-1

[Event "Druzynowe Mistrzostwa Polski Kobiet w Szachach Blyskawicznych"]
[Site "Piotrkow Trybunalski"]
[Date "1899-12-30"]
[Round "5.5"]
[White "Cieslak, Wiktoria"]
[Black "Lukasik, Zuzanna"]
[Result "1-0"]
[WhiteTitle "k++"]
[BlackTitle "I"]
[WhiteElo "1876"]
[BlackElo "1437"]

1. e4 c5 2. Nf3 e6 3. d4 cxd4 4. Nxd4 a6 5. c4 Nc6 6. Nc2 Nf6 7. Nc3 Be7 8. Be2
Qc7 9. O-O d6 10. Kh1 Bd7 11. f4 h5 12. Be3 h4 13. a3 h3 14. g3 Na7 15. b3 Bc6
16. Bf3 b6 17. Nb4 Bb7 18. Qd4 Bd8 19. Rad1 a5 20. Nc2 Ke7 21. e5 dxe5 22. fxe5
Nh5 23. Bg5+ f6 24. Qd6+ Qxd6 25. exd6+ Kd7 26. Bxb7 Rb8 27. Be4 fxg5 28. Rf7+
Kc8 29. Rxa7 Bf6 30. Nb5 Kd8 31. Ncd4 Bxd4 32. Nxd4 Rc8 33. Nxe6+ Ke8 34. Re7#
Ra8 1-0

[Event "Druzynowe Mistrzostwa Polski Kobiet w Szachach Blyskawicznych"]
[Site "Piotrkow Trybunalski"]
[Date "1899-12-30"]
[Round "5.6"]
[White "Sokol, Maria"]
[Black "Kucharska, Honorata"]
[Result "1/2-1/2"]
[WhiteTitle "I"]
[BlackTitle "WFM"]
[WhiteElo "1341"]
[BlackElo "1799"]

1. e4 e6 2. d4 d5 3. Nd2 dxe4 4. Nxe4 Nd7 5. c3 Ngf6 6. Nxf6+ Nxf6 7. Be3 Be7 8.
Nf3 b6 9. g3 O-O 10. Bg2 Bb7 11. O-O Rc8 12. Qd2 Bd6 13. Rfd1 Qe7 14. Qc2 c5 15.
dxc5 Bxc5 16. Bxc5 Qxc5 17. Rd2 Be4 18. Qb3 Bd5 19. Qc2 b5 20. a3 a5 21. Rc1 a4
22. Nd4 Bc4 23. Bf1 Qh5 24. Bxc4 Rxc4 25. Qd1 Qg5 26. Nf3 Qc5 27. Rd4 e5 28. Rxc4
bxc4 29. Qe2 e4 30. Nd4 Re8 31. Re1 h5 32. h3 h4 33. g4 Nd7 34. Qc2 Qe5 35. Qxa4
Nc5 36. Qb5 Nd3 37. Qxe5 Rxe5 38. Ra1 Nxb2 39. a4 Ra5 40. Rb1 Nxa4 41. Rb4 Nxc3
42. Rxc4 Nd5 43. Nc6 Ra1+ 44. Kg2 Nf4+ 45. Kh2 Re1 46. Nd4 Nd3 47. Rc2 Rf1 48.
Kg2 Rd1 49. Nf5 Nf4+ 50. Kh2 g5 51. Ne3 Re1 52. Nf5 e3 53. Nxe3 Ra1 54. Nf5 Ra3
55. Ne3 Rd3 56. Kg1 Kg7 57. Kh2 Kg6 58. Rc6+ f6 59. Rc2 Ra3 60. Rd2 Rb3 1/2-1/2

[Event "Druzynowe Mistrzostwa Polski Kobiet w Szachach Blyskawicznych"]
[Site "Piotrkow Trybunalski"]
[Date "1899-12-30"]
[Round "6.1"]
[White "Szczepanik, Magdalena"]
[Black "Smarsz, Agata"]
[Result "0-1"]
[WhiteTitle "II"]
[BlackTitle "m"]
[WhiteElo "1030"]
[BlackElo "2094"]

1. e4 c5 2. Nf3 d6 3. Nc3 Nf6 4. d4 cxd4 5. Nxd4 a6 6. Bg5 e6 7. Bc4 Be7 8. Qd2
b5 9. Bb3 Bb7 10. Qe2 O-O 11. O-O-O b4 12. Nb1 Nxe4 13. Be3 Nc5 14. Nd2 a5 15.
c3 a4 16. Bc2 a3 17. b3 bxc3 18. Kb1 cxd2 19. Rxd2 Ba6 20. Qf3 Bb7 21. Qh3 g6
22. f3 Nbd7 23. g4 Ne5 24. f4 Bxh1 25. fxe5 dxe5 26. Nf3 Qc7 27. Rd1 Bxf3 28.
Qxf3 Rfb8 29. Bxc5 Qxc5 30. Qg3 Bf8 31. Re1 Bg7 32. Rd1 Rc8 33. Rc1 Qd4 34. Rd1
Qb2# 0-1

[Event "Druzynowe Mistrzostwa Polski Kobiet w Szachach Blyskawicznych"]
[Site "Piotrkow Trybunalski"]
[Date "1899-12-30"]
[Round "6.2"]
[White "Mikulewicz, Joanna"]
[Black "Lukasik, Zuzanna"]
[Result "1-0"]
[WhiteTitle "WFM"]
[BlackTitle "I"]
[WhiteElo "1964"]
[BlackElo "1437"]

1. e4 c5 2. Nf3 e6 3. d4 cxd4 4. Nxd4 a6 5. Be3 Nf6 6. Nc3 Bb4 7. Bd3 Qc7 8. Nde2
b5 9. O-O Bb7 10. f3 Bc5 11. Qd2 Qb6 12. Nd1 Nc6 13. Bxc5 Qxc5+ 14. Qe3 Qxe3+
15. Nxe3 Ne5 16. a4 bxa4 17. Rxa4 Nxd3 18. cxd3 Bc6 19. Ra3 Bb5 20. Nd4 O-O 21.
Rfa1 Rab8 22. Kf2 Rfc8 23. Ke2 h6 24. Rc3 Ne8 25. Nxb5 axb5 26. Ra7 d6 27. Kd2
Kf8 28. b4 Nf6 29. Rxc8+ Rxc8 30. Rb7 Ne8 31. Rxb5 Nc7 32. Rb7 Ke8 33. b5 g6 34.
Nc4 Ke7 35. b6 Kd7 36. Rxc7+ Rxc7 37. bxc7 Kxc7 38. d4 Kc6 39. Kd3 f6 40. Ne3
h5 41. g4 h4 42. g5 fxg5 43. Ng4 Kd7 44. e5 Ke7 45. Ke4 Kd7 46. Nf6+ Ke7 47. Nh7
Kd7 48. Nxg5 d5+ 49. Kf4 Ke7 50. Kg4 Kf8 51. Nxe6+ Ke7 52. Nf4 Kf7 53. Nxd5 Ke6
54. Nf4+ Ke7 55. d5 Kd7 56. Nxg6 Ke8 57. Nxh4 Ke7 58. Kf5 Kd7 59. Ng6 Kd8 60.
e6 Ke8 61. d6 Kd8 62. Kf6 1-0

[Event "Druzynowe Mistrzostwa Polski Kobiet w Szachach Blyskawicznych"]
[Site "Piotrkow Trybunalski"]
[Date "1899-12-30"]
[Round "6.3"]
[White "Sokol, Maria"]
[Black "Leks, Hanna"]
[Result "0-1"]
[WhiteTitle "I"]
[BlackTitle "WIM"]
[WhiteElo "1341"]
[BlackElo "2189"]

1. e4 c5 2. Nf3 d6 3. Bc4 e6 4. c3 a6 5. Bd3 Nc6 6. Bc2 Nf6 7. d4 cxd4 8. cxd4
Nb4 9. Nc3 Nxc2+ 10. Qxc2 Be7 11. Be3 Ng4 12. Bf4 Bd7 13. h3 Nf6 14. Be3 Rc8 15.
Qd3 b5 16. a3 Bc6 17. O-O O-O 18. Rfd1 Qc7 19. Rac1 Qb7 20. d5 exd5 21. exd5 Bd7
22. Re1 Rfe8 23. Red1 a5 24. Na2 b4 25. axb4 axb4 26. Kh1 Ba4 27. b3 Bd7 28. Qd4
Rxc1 29. Nxc1 Ra8 30. Kh2 h6 31. Rd2 Ra3 32. Qc4 Bf5 33. Ra2 Nxd5 34. Rxa3 bxa3
35. Na2 Nxe3 36. fxe3 Be6 37. Qa4 Qxb3 38. Nb4 Qxa4 39. Ng1 0-1

[Event "Druzynowe Mistrzostwa Polski Kobiet w Szachach Blyskawicznych"]
[Site "Piotrkow Trybunalski"]
[Date "1899-12-30"]
[Round "6.4"]
[White "Majdan, Joanna"]
[Black "Wolniaczyk, Daria"]
[Result "1-0"]
[WhiteTitle "WGM"]
[BlackTitle "I"]
[WhiteElo "2321"]
[BlackElo "1629"]

1. e4 e5 2. Nf3 Nc6 3. Bb5 Nge7 4. c3 a6 5. Ba4 b5 6. Bb3 h6 7. a4 Bb7 8. d4 exd4
9. cxd4 Ng6 10. O-O d6 11. Nc3 b4 12. Nd5 a5 13. Bc4 Be7 14. Qc2 O-O 15. Bb5 Na7
16. Bc4 Nc6 17. Be3 Kh8 18. Rac1 Na7 19. Bb3 c6 20. Nxe7 Qxe7 21. Rfe1 Rac8 22.
Qd3 Rc7 23. e5 d5 24. Bc2 Kg8 25. g3 Qe6 26. Nh4 Nc8 27. Nxg6 fxg6 28. Qxg6 Qxg6
29. Bxg6 Ne7 30. Bd3 g5 31. g4 Kg7 32. Rc5 Ra8 33. Rec1 Ng6 34. Rxd5 Ne7 35. Rd6
Rac8 36. Be4 Nd5 37. Bxd5 cxd5 38. Rc5 Rxc5 39. dxc5 Bc6 40. Bd4 Bxa4 41. e6+
Kf8 42. Bf6 Rxc5 43. Rd8+ Be8 44. Bd4 Rc7 45. Be5 Rc4 46. Bd6+ Kg8 47. Rxe8+ Kg7
48. Be5+ Kg6 49. Rg8+ Kh7 50. Rg7+ Kh8 51. Rc7+ Kg8 52. Rg7+ Kf8 53. e7+ Ke8 54.
Bf6 Rc1+ 55. Kg2 Rc7 56. Rg8+ Kf7 57. e8=Q+ Kxf6 58. Rg6# 1-0

[Event "Druzynowe Mistrzostwa Polski Kobiet w Szachach Blyskawicznych"]
[Site "Piotrkow Trybunalski"]
[Date "1899-12-30"]
[Round "6.5"]
[White "Guzik, Natalia"]
[Black "Przezdziecka, Ewa"]
[Result "0-1"]
[WhiteTitle "I++"]
[BlackTitle "WFM"]
[WhiteElo "1656"]
[BlackElo "2047"]

1. e4 c5 2. Nf3 Nc6 3. d4 cxd4 4. Nxd4 Nf6 5. Nc3 d6 6. Be3 Ng4 7. Bc1 Qb6 8. Bb5
Bd7 9. Nd5 Qxd4 10. Qxd4 Nxd4 11. Nc7+ Kd8 12. Bxd7 Kxd7 13. Nxa8 Nxc2+ 14. Ke2
Nxa1 15. f3 Ne5 16. Be3 Nc2 17. Bxa7 Nb4 18. Nb6+ Kd8 19. Rc1 Nbc6 20. Nc4 Nxc4
21. Rxc4 Nxa7 22. a4 e6 23. b4 Be7 24. b5 Kd7 25. b6 Nc6 26. Kd3 Ra8 27. Kc3 Ra6
28. g4 Rxb6 29. f4 Rb1 30. Kc2 Rh1 31. e5 d5 32. Rc3 Rxh2+ 33. Kd3 Rh3+ 34. Kd2
Rxc3 0-1

[Event "Druzynowe Mistrzostwa Polski Kobiet w Szachach Blyskawicznych"]
[Site "Piotrkow Trybunalski"]
[Date "1899-12-30"]
[Round "6.6"]
[White "Korosciel, Aneta"]
[Black "Bakalarczyk, Zuzanna"]
[Result "1-0"]
[WhiteTitle "m"]
[BlackTitle "I"]
[WhiteElo "1944"]
[BlackElo "1298"]

1. e4 e5 2. Nf3 Nc6 3. Bb5 a6 4. Bxc6 dxc6 5. Nc3 Bd6 6. O-O Nf6 7. Re1 h6 8. h3
O-O 9. d4 exd4 10. Qxd4 Be7 11. Qe3 Be6 12. Qe2 Qc8 13. Bf4 Nh5 14. Bh2 Bd6 15.
e5 Bb4 16. g4 Bxg4 17. hxg4 Qxg4+ 18. Kh1 Nf4 19. Bxf4 Qxf4 20. Qe4 Qxe4 21. Rxe4
Bc5 22. Kg2 h5 23. Rh1 g6 24. Rd1 Kg7 25. Rd7 Bb6 26. e6 Rad8 27. Ng5 Rxd7 28.
exd7 f6 29. Ne6+ Kf7 30. Nxf8 Kxf8 31. d8=Q+ Kg7 32. Re7+ Kh6 33. Ne4 g5 34. Qh8+
Kg6 35. Qh7# 1-0

[Event "Druzynowe Mistrzostwa Polski Kobiet w Szachach Blyskawicznych"]
[Site "Piotrkow Trybunalski"]
[Date "1899-12-30"]
[Round "7.1"]
[White "Wolniaczyk, Daria"]
[Black "Szczepanik, Magdalena"]
[Result "1-0"]
[WhiteTitle "I"]
[BlackTitle "II"]
[WhiteElo "1629"]
[BlackElo "1030"]

1. e4 e5 2. Nf3 Nc6 3. Bc4 h6 4. c3 Nf6 5. Qe2 d6 6. h3 a6 7. O-O Be7 8. d4 exd4
9. cxd4 d5 10. exd5 Nxd5 11. Nc3 Nxc3 12. bxc3 Bf5 13. Re1 Qd7 14. Ba3 1-0

[Event "Druzynowe Mistrzostwa Polski Kobiet w Szachach Blyskawicznych"]
[Site "Piotrkow Trybunalski"]
[Date "1899-12-30"]
[Round "7.2"]
[White "Lukasik, Zuzanna"]
[Black "Guzik, Natalia"]
[Result "0-1"]
[WhiteTitle "I"]
[BlackTitle "I++"]
[WhiteElo "1437"]
[BlackElo "1656"]

1. e4 c5 2. Nf3 Nc6 3. d4 cxd4 4. Nxd4 g6 5. c3 Bg7 6. Be2 Nf6 7. Bf3 O-O 8. O-O
Ne5 9. Re1 Nxf3+ 10. Qxf3 d5 11. exd5 Nxd5 12. Qe2 b6 13. Nd2 Bb7 14. N2f3 Re8
15. Ne5 Qd6 16. Ndf3 Rad8 17. Bd2 Qf6 18. Rad1 Nf4 19. Bxf4 Qxf4 20. Rd4 Rxd4
21. Nxd4 Qg5 22. Nef3 Qd5 23. a3 e5 24. Rd1 Qd6 25. Nb5 Qc6 26. Nxa7 Qa4 27. Nb5
Bxf3 28. gxf3 Bh8 29. Qd3 Qb3 30. Qd2 Qxb5 0-1

[Event "Druzynowe Mistrzostwa Polski Kobiet w Szachach Blyskawicznych"]
[Site "Piotrkow Trybunalski"]
[Date "1899-12-30"]
[Round "7.3"]
[White "Bakalarczyk, Zuzanna"]
[Black "Sokol, Maria"]
[Result "1/2-1/2"]
[WhiteTitle "I"]
[BlackTitle "I"]
[WhiteElo "1298"]
[BlackElo "1341"]

1. e4 c5 2. Nf3 e6 3. d4 cxd4 4. Nxd4 a6 5. Nc3 Qc7 6. a3 Nf6 7. Be2 Be7 8. Be3
b5 9. O-O Bb7 10. f3 O-O 11. Qd2 d6 12. Rad1 Nbd7 13. Qd3 Nc5 14. Qd2 Ncd7 15.
Qd3 Ne5 16. Qd2 Rac8 17. Bf4 Ned7 18. Nb3 Qb6+ 19. Kh1 e5 20. Be3 Qc7 21. Bg5
Rfe8 22. Be3 h6 23. Bf2 Red8 24. Bg3 Nh5 25. Bf2 Nf4 26. Be3 Nxe2 27. Qxe2 Nf6
28. Qd2 Kh7 29. Qd3 Kg8 30. f4 Qc4 31. Qxc4 bxc4 32. Na5 Bxe4 33. Nxe4 Nxe4 34.
fxe5 dxe5 35. Rxd8+ Rxd8 36. Nc6 Rd7 37. Nxe5 Rb7 38. Rxf7 Nf6 39. Bd4 Ng4 40.
Rxe7 Rxe7 41. Nxg4 Re4 42. Nxh6+ gxh6 43. Bf2 Re2 44. Kg1 Rxc2 45. Bd4 Rd2 46.
Bc3 Rd3 47. Kf2 Kf7 48. Ke2 Rd7 49. Bd2 h5 50. h3 Kg6 51. g4 hxg4 52. hxg4 Re7+
53. Kd1 Rb7 54. Kc2 Kf6 55. g5+ Ke5 56. Bc3+ Ke4 57. Bf6 Ke3 58. g6 Rb8 59. g7
Re8 60. Kc3 Rc8 61. b3 cxb3+ 62. Kxb3 Kd3 63. Kb4 Ke4 64. Be7 Rb8+ 65. Ka5 Rg8
66. Bf8 Kd5 67. Kxa6 Kc6 68. Ka5 Kb7 69. Kb5 Kc7 70. a4 Kb7 71. a5 Ka7 72. a6
Kb8 73. Kb6 Ka8 74. Ka5 Ka7 75. Bc5+ Ka8 76. Bd4 Rd8 77. Bf6 Rg8 78. Kb6 Kb8 79.
Be5+ Ka8 80. a7 Rxg7 81. Bxg7 1/2-1/2

[Event "Druzynowe Mistrzostwa Polski Kobiet w Szachach Blyskawicznych"]
[Site "Piotrkow Trybunalski"]
[Date "1899-12-30"]
[Round "7.4"]
[White "Smarsz, Agata"]
[Black "Szczepkowska, Karina"]
[Result "0-1"]
[WhiteTitle "m"]
[BlackTitle "IM"]
[WhiteElo "2094"]
[BlackElo "2314"]

1. e4 e5 2. Nf3 Nc6 3. Bc4 Nf6 4. d4 exd4 5. e5 d5 6. Bb5 Ne4 7. Nxd4 Bd7 8. Bxc6
bxc6 9. O-O Bc5 10. Be3 Bb6 11. f3 Ng5 12. f4 Ne4 13. Nd2 Nxd2 14. Qxd2 c5 15.
Nf3 d4 16. Bf2 Bc6 17. Bg3 Qd5 18. b3 O-O-O 19. c4 dxc3 20. Qxc3 h6 21. Kh1 g5
22. a4 a5 23. Qc4 gxf4 24. Bxf4 Rhg8 25. h3 Qxc4 26. bxc4 Rd3 27. Rad1 Rc3 28.
Bxh6 Bxa4 29. Rd2 Rxc4 30. Ng5 Rh4 31. Nxf7 Bc6 32. Bg5 Rxh3+ 33. Kg1 c4+ 34.
Rff2 Rg3 35. e6 Bxf2+ 36. Kxf2 Rxg2+ 37. Ke3 R2xg5 38. Nxg5 Rxg5 39. Kf4 Rg8 40.
Kf5 a4 41. Kf6 Rd8 42. Rc2 Bb5 43. e7 Rh8 44. Kg7 Re8 45. Kf7 a3 46. Ra2 Kd7 47.
Rd2+ Kc8 48. Rc2 Rh8 49. Kg7 Rh4 50. Rc1 Re4 51. Kf7 a2 52. Ra1 Re2 53. Rc1 Kb7
54. Ra1 Kb6 0-1

[Event "Druzynowe Mistrzostwa Polski Kobiet w Szachach Blyskawicznych"]
[Site "Piotrkow Trybunalski"]
[Date "1899-12-30"]
[Round "7.5"]
[White "Cieslak, Wiktoria"]
[Black "Mikulewicz, Joanna"]
[Result "1-0"]
[WhiteTitle "k++"]
[BlackTitle "WFM"]
[WhiteElo "1876"]
[BlackElo "1964"]

1. e4 d6 2. d4 g6 3. f4 Bg7 4. Nf3 Nf6 5. Bd3 O-O 6. O-O c5 7. dxc5 dxc5 8. c4
Nc6 9. e5 Nd7 10. Nc3 a6 11. Be3 e6 12. Qe1 b6 13. Rd1 Qc7 14. Ne4 f6 15. exf6
Nxf6 16. Nxf6+ Bxf6 17. b3 Bb7 18. Bd2 Rae8 19. Bc3 Nd4 20. Nxd4 Bxd4+ 21. Bxd4
cxd4 22. Be4 Bc8 23. Rxd4 Rxf4 24. Rxf4 Qxf4 25. g3 Qf6 26. Qe3 Rf8 27. Bg2 Qf5
28. h3 Qb1+ 29. Kh2 Qxa2 30. Rd6 Rf2 31. Rd8+ Kf7 32. Qe4 Qxb3 33. Rxc8 a5 34.
Rc7+ Kf8 35. Qa8# 1-0

[Event "Druzynowe Mistrzostwa Polski Kobiet w Szachach Blyskawicznych"]
[Site "Piotrkow Trybunalski"]
[Date "1899-12-30"]
[Round "7.6"]
[White "Leks, Hanna"]
[Black "Kucharska, Honorata"]
[Result "0-1"]
[WhiteTitle "WIM"]
[BlackTitle "WFM"]
[WhiteElo "2189"]
[BlackElo "1799"]

1. e4 e6 2. d4 d5 3. e5 c5 4. Nf3 Nc6 5. Bd3 cxd4 6. O-O Bd7 7. Bf4 Bc5 8. Nbd2
Nge7 9. Nb3 Bb6 10. Re1 Ng6 11. Bg3 O-O 12. a3 a6 13. h4 h6 14. Bxg6 fxg6 15.
Qd3 Rf5 16. Nbxd4 Nxd4 17. Nxd4 Bxd4 18. Qxd4 Rc8 19. Rac1 Rc4 20. Qd2 Qb6 21.
b3 Rg4 22. c4 d4 23. Qd3 Bc6 24. b4 Kh7 25. Re2 Qd8 26. Kh2 Rh5 27. Kg1 Rgxh4
28. Bxh4 Qxh4 29. f3 Qh1+ 30. Kf2 Qxc1 31. Qxd4 Rh1 32. Qd6 Rf1+ 33. Kg3 Qg5+
34. Kh2 Qh4# 0-1

[Event "Druzynowe Mistrzostwa Polski Kobiet w Szachach Blyskawicznych"]
[Site "Piotrkow Trybunalski"]
[Date "1899-12-30"]
[Round "8.1"]
[White "Szczepkowska, Karina"]
[Black "Wolniaczyk, Daria"]
[Result "1-0"]
[WhiteTitle "IM"]
[BlackTitle "I"]
[WhiteElo "2314"]
[BlackElo "1629"]

1. e4 c5 2. Nf3 Nc6 3. Nc3 g6 4. d3 Bg7 5. g3 d6 6. Bg2 Nf6 7. O-O Bd7 8. h3 a6
9. a4 O-O 10. Be3 Qc7 11. d4 cxd4 12. Nxd4 Nxd4 13. Bxd4 Rac8 14. a5 Bc6 15. Re1
Nd7 16. Bxg7 Kxg7 17. Qd4+ f6 18. h4 Nc5 19. Bh3 Rcd8 20. b4 Nd7 21. Bxd7 Rxd7
22. Re3 Rfd8 23. Rae1 e5 24. Qc4 b5 25. axb6 Qxb6 26. Rd1 Bb5 27. Qe6 a5 28. Nd5
Qc6 29. Qxf6+ Kh6 30. g4 axb4 31. g5+ Kh5 32. Qf3+ Kxh4 33. Qh3+ Kxg5 34. Rg3#
1-0

[Event "Druzynowe Mistrzostwa Polski Kobiet w Szachach Blyskawicznych"]
[Site "Piotrkow Trybunalski"]
[Date "1899-12-30"]
[Round "8.2"]
[White "Guzik, Natalia"]
[Black "Cieslak, Wiktoria"]
[Result "0-1"]
[WhiteTitle "I++"]
[BlackTitle "k++"]
[WhiteElo "1656"]
[BlackElo "1876"]

1. e4 c5 2. Nf3 d6 3. d4 cxd4 4. Nxd4 Nf6 5. Nc3 a6 6. Be2 e5 7. Nb3 Be7 8. Be3
Be6 9. O-O O-O 10. f4 exf4 11. Bxf4 Nc6 12. a4 Ne5 13. Qd4 Rc8 14. Rac1 Nfd7 15.
Nd5 Bxd5 16. exd5 Bf6 17. Qe4 Nc5 18. Nxc5 Rxc5 19. b4 Rc8 20. Bxe5 Bxe5 21. Bd3
g6 22. Kh1 f5 23. Qe2 Qh4 24. h3 Qg3 25. Kg1 Qh2+ 26. Kf2 Bd4+ 27. Ke1 Rce8 28.
Kd1 Rxe2 29. Bxe2 Qxg2 30. c4 Re8 31. Re1 Bf2 32. Rf1 Bg3 33. Rc2 Qe4 34. c5 dxc5
35. bxc5 Qxd5+ 36. Kc1 Qd4 37. Kb1 Be5 38. Bc4+ Kh8 39. Re1 Qa1# 0-1

[Event "Druzynowe Mistrzostwa Polski Kobiet w Szachach Blyskawicznych"]
[Site "Piotrkow Trybunalski"]
[Date "1899-12-30"]
[Round "8.3"]
[White "Kucharska, Honorata"]
[Black "Bakalarczyk, Zuzanna"]
[Result "1-0"]
[WhiteTitle "WFM"]
[BlackTitle "I"]
[WhiteElo "1799"]
[BlackElo "1298"]

1. e4 e5 2. Nf3 Nc6 3. Bb5 a6 4. Ba4 b5 5. Bb3 Nf6 6. d3 h6 7. O-O Na5 8. Nxe5
d6 9. Nxf7 Qe7 10. Nxh8 Nxb3 11. axb3 Bd7 12. Ng6 Qf7 13. Nxf8 Kxf8 14. Nc3 g5
15. f4 Qg7 16. fxg5 hxg5 17. Nd5 Be6 18. Rxf6+ Bf7 19. Qf3 c6 20. Rxf7+ Qxf7 21.
Qxf7+ Kxf7 22. Ne3 Kg6 23. Nf5 d5 24. h4 dxe4 25. dxe4 Re8 26. Bxg5 Rxe4 27. Ng3
Rg4 28. Kf2 Rd4 29. Rxa6 Rd2+ 30. Bxd2 Kg7 31. Rxc6 Kf7 32. h5 Kg7 33. Nf5+ Kh7
34. Rc7+ Kg8 35. h6 Kh8 36. Bc3+ Kg8 37. h7+ Kf8 38. h8=Q# 1-0

[Event "Druzynowe Mistrzostwa Polski Kobiet w Szachach Blyskawicznych"]
[Site "Piotrkow Trybunalski"]
[Date "1899-12-30"]
[Round "8.4"]
[White "Szczepanik, Magdalena"]
[Black "Majdan, Joanna"]
[Result "0-1"]
[WhiteTitle "II"]
[BlackTitle "WGM"]
[WhiteElo "1030"]
[BlackElo "2321"]

1. e4 Nc6 2. Nf3 e5 3. Nc3 d6 4. Bb5 Nf6 5. d4 exd4 6. Nxd4 Bd7 7. Nxc6 bxc6 8.
Bc4 Be7 9. Bf4 O-O 10. Qd2 Rb8 11. Bb3 Be6 12. h4 Nd7 13. h5 Bf6 14. h6 g6 15.
Bg3 Nc5 16. Qe2 Re8 17. Qf3 Bxb3 18. cxb3 Qe7 19. Qf4 Nd3+ 20. Kf1 Nxf4 21. Bxf4
Bxc3 22. bxc3 Qxe4 23. Be3 Qd3+ 24. Kg1 Rxe3 25. fxe3 Qxe3+ 26. Kh2 Rb5 27. Rae1
Rh5# 0-1

[Event "Druzynowe Mistrzostwa Polski Kobiet w Szachach Blyskawicznych"]
[Site "Piotrkow Trybunalski"]
[Date "1899-12-30"]
[Round "8.5"]
[White "Przezdziecka, Ewa"]
[Black "Lukasik, Zuzanna"]
[Result "1-0"]
[WhiteTitle "WFM"]
[BlackTitle "I"]
[WhiteElo "2047"]
[BlackElo "1437"]

1. d4 d5 2. Nf3 Nc6 3. c4 e6 4. Nc3 Nf6 5. Bg5 Be7 6. e3 h6 7. Bh4 b6 8. Bxf6 Bxf6
9. cxd5 exd5 10. Bb5 Bb7 11. Qa4 Qd6 12. O-O O-O 13. Rac1 Ne7 14. Bd3 c6 15. Qc2
Rac8 16. a3 Rfd8 17. b4 c5 18. Nb5 Qb8 19. bxc5 bxc5 20. dxc5 Bc6 21. Nd6 Rc7
22. Nd4 Bxd4 23. exd4 Nc8 24. Nxc8 Qxc8 25. Bf5 Bd7 26. Bxd7 Qxd7 27. Rfe1 Re8
28. Qd2 Rcc8 29. h3 Re6 30. Rxe6 Qxe6 31. Re1 Qd7 32. Qe3 Qa4 33. Rb1 Qd7 34.
Qb3 Rc7 35. Qb8+ Kh7 36. Re1 Rb7 37. Qe8 Qc7 38. Qe5 Qxe5 39. Rxe5 Rd7 40. Kf1
f6 41. Re6 Kg8 42. Ke2 Kf7 43. Ra6 Ke7 44. Kd3 Rb7 45. Kc3 Rd7 46. Rc6 g6 47.
a4 Kf7 48. a5 Ke7 49. a6 g5 50. Rc8 Kf7 51. Kb4 Re7 52. c6 Re4 53. Kc5 Re7 54.
Kxd5 Re2 55. Rc7+ Kg6 56. Rxa7 Rxf2 57. c7 Rc2 58. Kd6 f5 59. Kd7 f4 60. c8=Q
Rxc8 61. Kxc8 h5 62. Rb7 g4 63. hxg4 hxg4 64. a7 f3 65. gxf3 gxf3 66. a8=Q f2
67. Qa6+ Kg5 68. Qf1 Kg4 69. Rg7+ Kf5 70. Qxf2+ 1-0

[Event "Druzynowe Mistrzostwa Polski Kobiet w Szachach Blyskawicznych"]
[Site "Piotrkow Trybunalski"]
[Date "1899-12-30"]
[Round "8.6"]
[White "Sokol, Maria"]
[Black "Korosciel, Aneta"]
[Result "1-0"]
[WhiteTitle "I"]
[BlackTitle "m"]
[WhiteElo "1341"]
[BlackElo "1944"]

1. e4 e5 2. Nf3 Nf6 3. Nxe5 d6 4. Nf3 Nxe4 5. Qe2 Qe7 6. d3 Nf6 7. Qxe7+ Bxe7 8.
Be3 O-O 9. Be2 Nd5 10. c4 Nxe3 11. fxe3 Bf6 12. Nc3 c6 13. O-O Re8 14. e4 Nd7
15. Rfe1 a5 16. Rab1 Nc5 17. Bf1 Bg4 18. d4 Nd7 19. Rbd1 a4 20. h3 Bxf3 21. gxf3
a3 22. b3 c5 23. Nb5 Bxd4+ 24. Nxd4 cxd4 25. Rxd4 Ne5 26. Bg2 Re6 27. Kf2 Rae8
28. Red1 Ng6 29. Rxd6 R6e7 30. Rd7 Kf8 31. Rxe7 Kxe7 32. Rd5 Ra8 33. Rb5 Ra7 34.
Ke3 Kd6 35. Bf1 Ne7 36. c5+ Kc6 37. b4 Ng6 38. Rb6+ Kc7 39. Bc4 Ne5 40. Be2 f6
41. f4 Nc6 42. b5 Nb4 43. Bc4 Nc2+ 44. Kd2 Nd4 45. Rd6 Nf3+ 46. Ke3 Nh4 47. b6+
Kb8 48. bxa7+ Kxa7 49. Rd7 g5 50. fxg5 fxg5 51. Bd5 Ka6 52. Bxb7+ Kb5 53. Bd5
Kxc5 54. Rxh7 Kb4 55. Rxh4 gxh4 56. e5 Kc5 57. Bb3 Kc6 58. e6 Kd6 59. Kf4 Ke7
60. Kg4 Kf6 61. Kxh4 Ke7 62. Kg5 Kf8 63. Kg6 Ke7 64. h4 Kf8 65. h5 Kg8 66. e7+
1-0